| 000 | 00569nam a22001817a 4500 | ||
|---|---|---|---|
| 999 |
_c188461 _d188461 |
||
| 005 | 20220524112056.0 | ||
| 010 | _aENG-132796 | ||
| 020 |
_a9788187299460 _c150.00 |
||
| 035 | _aEN-116328 | ||
| 037 | _bDBAD/PUB | ||
| 082 | _a181.499 | ||
| 100 | _aSrinivas, K. | ||
| 245 |
_aMorality, Freedom And Social Construction/ _cK. Srinivas |
||
| 260 |
_aPuducherry _bPuducheery Co-operative Book Society _c2010 |
||
| 270 |
_bPuducherry _a17, 14th Street, Krishna Nagar _e605008 |
||
| 300 |
_aviii, 168p _bIndex _c22cm(pbk) |
||
| 942 |
_2ddc _cEN _h181.499 _mSRI |
||